QB1 , RB1 , WR1 , TE1 Of Every NFL Team 2025 - Statistics

General Stats
  • This quiz has been taken 253 times
    205 since last reset
  • The average score is 100 of 128
Answer Stats
Team Pos. Answer % Correct
Buffalo Bills QB Josh Allen
100%
Houston Texans QB CJ Stroud
96%
Buffalo Bills RB James Cook
95%
Miami Dolphins QB Tua Tagovailoa
95%
Carolina Panthers QB Bryce Young
94%
Philadelphia Eagles QB Jalen Hurts
94%
Detroit Lions WR Amon Ra St Brown
93%
Denver Broncos QB Bo Nix
93%
Chicago Bears QB Caleb Williams
93%
Dallas Cowboys QB Dak Prescott
93%
NE Patriots QB Drake Maye
93%
Dallas Cowboys RB Javonte Williams
93%
Baltimore Ravens QB Lamar Jackson
93%
Philadelphia Eagles RB Saquon Barkley
93%
Philadelphia Eagles WR AJ Brown
92%
Tennessee Titans QB Cam Ward
92%
Indianapolis Colts QB Daniel Jones
92%
NY Giants QB Jaxson Dart
92%
NY Jets QB Justin Fields
92%
LA Rams RB Kyren Williams
92%
Jacksonville Jaguars QB Trevor Lawrence
92%
Tampa Bay Buccaneers QB Baker Mayfield
91%
Atlanta Falcons RB Bijan Robinson
91%
Dallas Cowboys WR CeeDee Lamb
91%
Cincinnati Bengals RB Chase Brown
91%
Baltimore Ravens RB Derrick Henry
91%
Miami Dolphins RB De'Von Achane
91%
NE Patriots TE Hunter Henry
91%
Miami Dolphins WR Jaylen Waddle
91%
Indianapolis Colts RB Jonathan Taylor
91%
Arizona Cardinals QB Kyler Murray
91%
Detroit Lions QB Jared Goff
90%
NY Jets TE Mason Taylor
90%
Kansas City Chiefs QB Patrick Mahomes
90%
NE Patriots WR Stefon Diggs
90%
NY Giants WR Wan'Dale Robinson
90%
Washington Commanders QB Jayden Daniels
89%
Green Bay Packers QB Jordan Love
89%
LA Chargers QB Justin Herbert
89%
LA Rams QB Matthew Stafford
89%
Houston Texans WR Nico Collins
89%
Pittsburgh Steelers QB Aaron Rodgers
88%
NY Jets RB Breece Hall
88%
San Francisco 49ers QB Brock Purdy
88%
Cincinnati Bengals WR Ja'Marr Chase
88%
Baltimore Ravens TE Mark Andrews
88%
Atlanta Falcons QB Michael Penix Jr
88%
Kansas City Chiefs TE Travis Kelce
88%
New Orleans Saints RB Alvin Kamara
87%
NY Jets WR Garret Wilson
87%
LV Raiders QB Geno Smith
87%
Detroit Lions RB Jahymr Gibbs
87%
Tampa Bay Buccaneers WR Mike Evans
87%
LA Rams WR Puka Nacua
86%
Atlanta Falcons WR Drake London
85%
Cincinnati Bengals QB Joe Flacco
85%
Baltimore Ravens WR Zay Flowers
85%
New Orleans Saints WR Chris Olave
83%
Denver Broncos WR Courtland Sutton
83%
Chicago Bears WR DJ Moore
83%
Minnesota Vikings QB JJ McCarthy
83%
Minnesota Vikings WR Justin Jefferson
83%
Atlanta Falcons TE Kyle Pitts
83%
Indianapolis Colts WR Michael Pittman
83%
NE Patriots RB Rhamondre Stevenson
83%
Seattle Seahawks QB Sam Darnold
83%
NY Giants RB Cam Skattebo
82%
San Francisco 49ers RB Christian McCaffrey
82%
Buffalo Bills TE Dalton Kincaid
82%
New Orleans Saints QB Spencer Rattler
82%
Chicago Bears RB D'Andre Swift
81%
Green Bay Packers RB Josh Jacobs
81%
Buffalo Bills WR Keon Coleman
81%
Kansas City Chiefs RB Isiah Pacheco
80%
Seattle Seahawks WR Jaxon Smith-Njigba
80%
Houston Texans RB Nick Chubb
80%
Washington Commanders WR Terry McLaurin
80%
Jacksonville Jaguars RB Travis Etienne
80%
Jacksonville Jaguars WR Brian Thomas Jr
79%
Tampa Bay Buccaneers RB Bucky Irving
79%
Philadelphia Eagles TE Dallas Goedert
79%
Arizona Cardinals WR Marvin Harrison Jr
79%
Arizona Cardinals TE Trey McBride
79%
Pittsburgh Steelers RB Jaylen Warren
78%
Indianapolis Colts TE Tyler Warren
78%
Kansas City Chiefs WR Xavier Worthy
77%
Pittsburgh Steelers WR DK Metcalf
76%
Seattle Seahawks RB Kenneth Walker III
76%
Detroit Lions TE Sam LaPorta
75%
Tennessee Titans RB Tony Pollard
75%
LV Raiders RB Ashton Jeanty
74%
Carolina Panthers RB Chuba Hubbard
74%
Dallas Cowboys TE Jake Ferguson
73%
LV Raiders TE Brock Bowers
72%
Houston Texans TE Dalton Schultz
71%
Cleveland Browns QB Dillon Gabriel
70%
Cleveland Browns WR Jerry Jeudy
70%
New Orleans Saints TE Juwan Johnson
69%
Carolina Panthers WR Tetairoa McMillan
69%
NY Giants TE Theo Johnson
69%
Cleveland Browns TE David Njoku
68%
Denver Broncos TE Evan Engram
68%
Washington Commanders TE Zach Ertz
68%
Miami Dolphins TE Darren Waller
67%
Denver Broncos RB JK Dobbins
67%
Green Bay Packers TE Tucker Kraft
67%
Tampa Bay Buccaneers TE Cade Otton
66%
Chicago Bears TE Cole Kmet
65%
LA Chargers WR Ladd McConkey
65%
Cleveland Browns RB Quinshon Judkins
65%
Minnesota Vikings TE TJ Hockenson
65%
Tennessee Titans WR Calvin Ridley
63%
LV Raiders WR Jakobi Meyers
63%
Carolina Panthers TE Ja'Tavion Sanders
62%
San Francisco 49ers WR Jauan Jennings
59%
Washington Commanders RB Jacory Croskey-Merritt
58%
Green Bay Packers WR Matthew Golden
58%
LA Rams TE Tyler Higbee
54%
Minnesota Vikings RB Jordan Mason
47%
Cincinnati Bengals TE Mike Gesicki
47%
Tennessee Titans TE Chig Okonkwo
40%
Pittsburgh Steelers TE Pat Freiermuth
40%
Jacksonville Jaguars TE Brenton Strange
36%
Seattle Seahawks TE AJ Barner
35%
Arizona Cardinals RB Michael Carter
30%
LA Chargers TE Will Dissly
27%
San Francisco 49ers TE Jake Tonges
23%
LA Chargers RB Hassan Haskins
15%
No matching quizzes found
Score Distribution
Percent of People with Each Score
Percentile by Number Answered
Your Score History
You have not taken this quiz since the last reset